Способ повышения износостойкости поверхности изделий из керамики на основе диоксида циркония

Opis bibliograficzny
Korporacja: Томский политехнический университет (ТПУ)
Kolejni autorzy: Гынгазов С. А. Сергей Анатольевич, Суржиков А. П. Анатолий Петрович, Франгульян Т. С. Тамара Семёновна, Мельников А. Г. Александр Григорьевич, Коваль Н. Н. Николай Николаевич, Девятков В. Н. Владимир Николаевич, Григорьев С. В. Сергей Владимирович
Streszczenie:опубл. 20.11.06
Изобретение относится к инструментальной промышленности и применяется при изготовлении режущего инструмента на основе керамических материалов. Технический результат изобретения - повышение износостойкости поверхности керамики. Указанный технический эффект достигается тем, что после спекания керамики на основе диоксида циркония, стабилизированного оксидом иттрия, поверхность изделий облучают 1-10 импульсами пучка электронов с энергией электронов 15-30 кэВ, длительностью импульса 30-100 мкс и плотностью тока в пучке 40-100 А/см{2}.
Język:rosyjski
Wydane:
Hasła przedmiotowe:
Dostęp online:http://www.fips.ru/Archive/PAT/2006FULL/2006.11.20/DOC/RUNWC1/000/000/002/287/503/DOCUMENT.PDF
Format: MixedMaterials Elektroniczne Książka
KOHA link:https://koha.lib.tpu.ru/cgi-bin/koha/opac-detail.pl?biblionumber=652500

MARC

LEADER 00000nlm0a2200000 4500
001 652500
005 20240215111306.0
029 1 0 |a RU  |b 2287503  |c Пат.  |d МПК C 04 B 35/48  |d МПК C 04 B 41/80 
035 |a (RuTPU)RU\TPU\network\17810 
035 |a RU\TPU\network\17809 
039 0 |a RU  |b 2005120865/03  |c 20050704 
090 |a 652500 
100 |a 20161229j20062011k y0rusy50 ca 
101 0 |a rus 
102 |a RU 
105 |a a k 000zy 
135 |a drmn ---uucaa 
181 0 |a i  
182 0 |a b 
200 1 |a Способ повышения износостойкости поверхности изделий из керамики на основе диоксида циркония  |f С. А. Гынгазов [и др.]  |g Томский политехнический университет (ТПУ) 
203 |a Текст  |c электронный 
300 |a опубл. 20.11.06 
330 |a Изобретение относится к инструментальной промышленности и применяется при изготовлении режущего инструмента на основе керамических материалов. Технический результат изобретения - повышение износостойкости поверхности керамики. Указанный технический эффект достигается тем, что после спекания керамики на основе диоксида циркония, стабилизированного оксидом иттрия, поверхность изделий облучают 1-10 импульсами пучка электронов с энергией электронов 15-30 кэВ, длительностью импульса 30-100 мкс и плотностью тока в пучке 40-100 А/см{2}. 
610 1 |a патенты 
610 1 |a труды учёных ТПУ 
610 1 |a электронный ресурс 
610 1 |a керамические изделия 
610 1 |a диоксид циркония 
610 1 |a износостойкость 
610 1 |a электронные пучки 
610 1 |a способы 
610 1 |a повышение 
701 1 |a Гынгазов  |b С. А.  |c специалист в области электроники  |c профессор Томского политехнического университета, доктор технических наук  |f 1958-  |g Сергей Анатольевич  |3 (RuTPU)RU\TPU\pers\26531  |9 12225 
701 1 |a Суржиков  |b А. П.  |c физик  |c профессор Томского политехнического университета, доктор физико-математических наук  |f 1951-  |g Анатолий Петрович  |3 (RuTPU)RU\TPU\pers\22010  |9 9307 
701 1 |a Франгульян  |b Т. С.  |c специалист в области электроники, диэлектриков и полупроводников  |c ведущий научный сотрудник Томского политехнического университета, кандидат физико-математических наук  |f 1940-  |g Тамара Семёновна  |3 (RuTPU)RU\TPU\pers\26534 
701 1 |a Мельников  |b А. Г.  |c российский государственный и политический деятель  |c глава г. Северск 1963-1966  |c глава Томской области 1963-1966  |f 1930-2011  |g Александр Григорьевич  |3 (RuTPU)RU\TPU\pers\31475 
701 1 |a Коваль  |b Н. Н.  |c специалист в области электроники  |c профессор Томского политехнического университета, доктор технических наук  |f 1948-  |g Николай Николаевич  |3 (RuTPU)RU\TPU\pers\31831 
701 1 |a Девятков  |b В. Н.  |g Владимир Николаевич 
701 1 |a Григорьев  |b С. В.  |g Сергей Владимирович 
712 0 2 |a Томский политехнический университет (ТПУ)  |c (1991-2009)  |3 (RuTPU)RU\TPU\col\376 
801 1 |a RU  |b 63413507  |c 20120201 
801 2 |a RU  |b 63413507  |c 20161229  |g RCR 
856 4 |u http://www.fips.ru/Archive/PAT/2006FULL/2006.11.20/DOC/RUNWC1/000/000/002/287/503/DOCUMENT.PDF 
942 |c CF